LEADER 01110nam a2200253 i 4500 001 000000211353 003 CaOOAMICUS 005 20120228000000.0 008 120228s1946 xx u000 u fre u 013 $a190166 040 $aSeMil$bita 100 1 $aDrioton, Étienne,$d<1889-1961>.$0(OLS)http://semarc/name/32088 245 12$aL'Égypte /$cpar Étienne Drioton et Jacques Vandier. 300 $aXLIV, 663 p. 490 0 $aCLIO : introduction aux études historiques ;$v1 650 4$aEgitto antico.$0(OLS)http://semarc/subject/7930 650 4$aStoria antica.$0(OLS)http://semarc/subject/995 700 1 $aVandier, Jacques <1904-1973>.$0(OLS)http://semarc/name/68394 773 0 $tPeuples de l'Orient mèditerranéen.$b2. ed.$dParis : Presses Universitaires de France, 1938-1946.$g2$w()1145 830 0$aCLIO : introduction aux études historiques ;$v1.$0(OLS)http://semarc/title/15975 850 $aSeMil 852 $aSeMil$W1$xVenegono$y1$m3S III 231$j161793$B161793$CSeMilBibl$Z2$F173141 $81 961 $aOmaggio: Rimoldi mons. Antonio 996 $6245$aL'Égypte$9(OLS)http://semarc/title/305342 LEADER 01124nam a2200253 i 4500 001 000000157421 003 CaOOAMICUS 005 20070109000000.0 008 070109s1970 it u000 u ita u 013 $a134777 040 $aSeMil$bita 100 1 $aReggiori, Ferdinando.$0(OLS)http://semarc/name/9348 245 12$aL'abbazia di Chiaravalle /$cFerdinando Reggiori ; introduzione di Angelo Paredi. 260 $a[Milano] :$bBanca Popolare di Milano,$c1970. 300 $a198 p. :$briccamente ill. ;$c35 cm. 500 $aIn preliminari : Esempl. per S.E. il Cardinale Giovanni Colombo. - Fondo Card. Giovanni Colombo. 650 4$aMilano - Abbazia di Chiaravalle.$0(OLS)http://semarc/subject/45066 700 1 $aParedi, Angelo,$c.$0(OLS)http://semarc/name/17012 850 $aSeMil 852 $aSeMil$W1$xVenegono$y1$m5H XII 21$j109107$B109107$CSeMilBibl$Z2$F118642 $8I 941 1 $a3 961 $aLascito: Colombo Card. Giovanni 996 $6245$aL'abbazia di Chiaravalle$9(OLS)http://semarc/title/230840 996 $6260$a[Milano] :$bBanca Popolare di Milano$9(OLS)http://semarc/publisher/41175